[Event "Titled Tuesday intern op 13th Jun Early"]
[Site "Chess.com INT"]
[Date "2023.06.13"]
[Round "7"]
[White "Altman, Joshua"]
[Black "Hristodoulou, Panagiotis"]
[Result "1-0"]
[WhiteElo "2120"]
[BlackElo "2362"]
[PlyCount "59"]
[EventDate "2023.06.13"]
[EventType "swiss (blitz)"]
[EventRounds "11"]
[EventCountry "USA"]
[SourceTitle "EXT 2024"]
[Source "ChessBase"]
[SourceDate "2023.10.10"]
[SourceVersion "1"]
[SourceVersionDate "2023.10.10"]
[SourceQuality "1"]

1. d4 Nf6 2. c4 e6 3. Nf3 Bb4+ 4. Nbd2 b6 5. g3 Bb7 6. Bg2 0-0 7. 0-0 Bxd2 8. Qxd2 a5 9. b3 d6 10. Bb2 Nbd7 11. a3 Qe7 12. Rac1 Rfd8 13. Rfd1 Rac8 14. b4 axb4 15. axb4 b5 16. c5 Bd5 17. Ra1 Ra8 18. Qf4 h6 19. h4 Ra4 20. Rxa4 bxa4 21. Ba3 Rb8 22. Rc1 dxc5 23. dxc5 e5 24. Qd2 c6 25. Ne1 Bxg2 26. Nxg2 Nd5 27. e4 Nc7 28. Ne3 Nb5 29. Nf5 Nf8 30. Nxe7+ 1-0